000 05121nam a22006257a 4500
005 20080806121654.0
008 080806t xxu||||| |||| 00| 0 eng d
010 _aB-281974-282005
020 _a0545036593
_c99.00
035 _aB-281974-282005
037 _aTR-A-00118HQ/23.7.08
040 _aDPL
_bEN
082 _aS
100 _aMartin, Ann M.
245 _aMain street:
_cby Ann M. Martin
_bwelcome to camden falls /
260 _b Scholastic Inc.
_c2007(repr.).
_aNew York
270 _a557 Broadway
_bNew York
270 _a550 A, Pace City-II, Sector - 37, (Vender)
_bGurgaon
_e122004
_k2212432
300 _aBook-1 (174p.)
_c20 cm (pbk)
_b
942 _cCH
_hS
_2ddc
_mMAR
999 _c13539
_d13539